Environmental issues in India: (Record no. 179387)

MARC details
000 -LEADER
fixed length control field 00593nam a22001817a 4500
005 - DATE AND TIME OF LATEST TRANSACTION
control field 20210610121458.0
010 ## - LCCN (DPL NO)
LC control number B-740293
020 ## - INTERNATIONAL STANDARD BOOK NUMBER
International Standard Book Number 9788131708101
035 ## - SYSTEM CONTROL NUMBER
System control number B-740293
037 ## - SOURCE OF ACQUISITION
Source of stock number/acquisition GIft
082 ## - DEWEY DECIMAL CLASSIFICATION NUMBER
Classification number 363.7
245 ## - TITLE STATEMENT
Title Environmental issues in India:
Remainder of title a reader /
Statement of responsibility, etc edited by Mahesh Rangarajan
260 ## - PUBLICATION, DISTRIBUTION, ETC. (IMPRINT)
Place of publication, distribution, etc New Delhi
Name of publisher, distributor, etc Dorling Kindersley
Date of publication, distribution, etc 2012
270 ## - ADDRESS
Address 11 Community Centre, Panchsheel Park
City New Delhi
Postal code 110017
300 ## - PHYSICAL DESCRIPTION
Extent xxvii, 570p.
Dimensions 21cm(pbk)
942 ## - ADDED ENTRY ELEMENTS (KOHA)
Source of classification or shelving scheme Dewey Decimal Classification
Item type English Books
Classification part 363.7
Call number suffix ENV
Holdings
Withdrawn status Lost status Not for loan Collection code Home library Current library Date acquired Source of acquisition Full call number Barcode Copy number Koha item type Public note
      Non-fiction Central Library Central Library 10/06/2021 Gift/Eng/02-06-2021 363.7 ENV B-740293 1 English Books Gift

© Delhi Public Library
Hit Counter
free hit counter